| 000 | 00699 a2200241 4500 | ||
|---|---|---|---|
| 003 | Nust | ||
| 005 | 20170207154600.0 | ||
| 020 | _a0-471-72091-7 (inb.) | ||
| 020 | _a978-0-471-72091-1 (inb.) | ||
| 035 | _a(BOKR)9780471720911 | ||
| 040 | _cNust | ||
| 082 | 0 | 4 | _a547 |
| 100 | 1 | _aSmith, Michael, | |
| 245 | 1 | 0 |
_aMarch's advanced organic chemistry : _breactions, mechanisms, and structure / _cMichael B. Smith, Jerry March |
| 246 | 1 | 0 | _aAdvanced organic chemistry. |
| 250 | _a6. ed. | ||
| 260 |
_aHoboken, N.J. : _bWiley, _ccop. 2007 |
||
| 300 |
_axx, 2357 s. : _bill. |
||
| 650 | 0 | _aChemistry, Organic | |
| 650 | 0 | _aChemistry, Organic | |
| 650 | 0 | _aOrganisk kemi | |
| 700 | 1 |
_aMarch, Jerry, _d1929- |
|
| 942 |
_2ddc _cBK |
||
| 999 |
_c198550 _d198550 |
||